00000000nam 2200000zi 4500
0019.885018
003CaOODSP
00520221107171024
006m     o  d f      
007cr cn|||||||||
008200225e202001  onc     ob   f000 0 fre d
020 |a9780660342412
040 |aCaOODSP|bfre|erda|cCaOODSP
043 |an-cn---
0861 |aH164-296/2020F-PDF
1101 |aCanada. |bDirection générale des produits de santé et des aliments, |eauteur.
24510|aAvis consultatif sur les risques de la Direction générale des produits de santé et des aliments (DGPSA) : |brisques pour la santé humaine liés à la maladie débilitante chronique / |cpréparé par Direction générale des produits de santé et des aliments, Santé Canada.
24617|aAvis consultatif sur les risques de la DGPSA : |brisques pour la santé humaine liés à la maladie débilitante chronique
264 1|aOttawa (Ontario) : |bSanté Canada = Health Canada, |cjanvier 2020.
264 4|c©2020
300 |a1 ressource en ligne (10 pages)
336 |atexte|btxt|2rdacontent/fre
337 |ainformatique|bc|2rdamedia/fre
338 |aressource en ligne|bcr|2rdacarrier/fre
500 |aPublié aussi en anglais sous le titre : Health Products and Food Branch (HPFB) risk advisory opinion: potential human health risks from chronic wasting disease.
500 |a« Pub. : 200206. »
504 |aComprend des références bibliographiques (pages 8-9).
650 6|aMaladie du dépérissement chronique|xÉvaluation du risque|zCanada.
650 6|aRisques pour la santé|xÉvaluation|zCanada.
7101 |aCanada. |bSanté Canada, |eorganisme de publication.
77508|tHealth Products and Food Branch (HPFB) risk advisory opinion : |w(CaOODSP)9.885017
85640|qPDF|s1,009 Ko|uhttps://publications.gc.ca/collections/collection_2021/sc-hc/H164-296-2020-fra.pdf